[Event "Zweibruecken PSB-ch HT1 82nd"]
[Site "Zweibruecken"]
[Date "2013.03.30"]
[Round "7"]
[White "Nabinger, Annalena"]
[Black "Herrmany, Marius"]
[Result "1/2-1/2"]
[WhiteElo "1400"]
[BlackElo "1612"]
[PlyCount "104"]
[EventDate "2013.??.??"]
[EventType "swiss"]
[EventRounds "7"]
[EventCountry "GER"]
[SourceTitle "EXT 2014"]
[Source "ChessBase"]
[SourceDate "2013.11.20"]
[SourceVersion "1"]
[SourceVersionDate "2013.11.20"]
[SourceQuality "1"]

1. e4 d5 2. exd5 Nf6 3. Nc3 Nxd5 4. Qf3 c6 5. Bc4 e6 6. d3 Bd6 7. Nge2 Nd7 8. d4 0-0 9. Ne4 N7f6 10. Nxd6 Qxd6 11. 0-0 e5 12. Qg3 Ne4 13. Qxe5 Qxe5 14. dxe5 Re8 15. Bxd5 cxd5 16. Bf4 g5 17. Bg3 Nxg3 18. Nxg3 Rxe5 19. Rfe1 Re6 20. Rad1 Bd7 21. f3 Rae8 22. Kf2 Bb5 23. b3 a5 24. Rxe6 fxe6 25. Ke3 Kf7 26. Rd2 Rc8 27. Kd4 a4 28. Ke5 Rc3 29. Kd4 Rc7 30. Ke5 Be8 31. Ne2 Ke7 32. g3 Bg6 33. c3 a3 34. Rd1 Bc2 35. Rc1 Bd3 36. Nd4 b5 37. Nxe6 Rc8 38. Nd4 b4 39. c4 dxc4 40. bxc4 Rxc4 41. Rxc4 Bxc4 42. Nc2 Bxa2 43. Nxb4 Bb3 44. Kf5 a2 45. Nxa2 Bxa2 46. Kxg5 Bb1 47. f4 Kf7 48. g4 Kg7 49. f5 Bc2 50. Kf4 Kf6 51. g5+ Kg7 52. h4 Bd3 1/2-1/2

[Event "Rheinland Pfalz op 4th"]
[Site "Altenkirchen"]
[Date "2012.06.07"]
[Round "2"]
[White "Kaster, Martin"]
[Black "Nabinger, Annalena"]
[Result "1-0"]
[WhiteElo "2082"]
[BlackElo "1353"]
[PlyCount "51"]
[EventDate "2012.06.07"]
[EventType "swiss"]
[EventRounds "7"]
[EventCountry "GER"]
[SourceTitle "CBM 148 Extra"]
[Source "ChessBase"]
[SourceDate "2012.06.22"]
[SourceVersion "1"]
[SourceVersionDate "2012.06.22"]
[SourceQuality "1"]

1. Nf3 d6 2. g3 g6 3. Bg2 Bg7 4. 0-0 Nf6 5. c4 0-0 6. Nc3 Nbd7 7. d4 c5 8. d5 Nb6 9. Qd3 e6 10. Nd2 exd5 11. cxd5 Re8 12. e4 Nbd7 13. f4 Ng4 14. Qf3 Bd4+ 15. Kh1 Ne3 16. Nb5 Nxf1 17. Bxf1 Bg7 18. Nxd6 Re7 19. N2c4 Nb6 20. e5 Nxc4 21. Bxc4 Bf8 22. Be3 b6 23. Rd1 Rd7 24. Ne4 Bg7 25. Bb5 Re7 26. d6 1-0

[Event "GER-chB U25"]
[Site "Oberhof"]
[Date "2011.06.14"]
[Round "4"]
[White "Rose, Luis Stratos"]
[Black "Nabinger, Annalena"]
[Result "0-1"]
[WhiteElo "1024"]
[BlackElo "1233"]
[PlyCount "94"]
[EventDate "2011.06.11"]
[EventType "swiss"]
[EventRounds "9"]
[EventCountry "GER"]
[SourceTitle "CBM 142 Extra"]
[Source "ChessBase"]
[SourceDate "2011.06.27"]
[SourceVersion "1"]
[SourceVersionDate "2011.06.27"]
[SourceQuality "1"]

1. d4 Nf6 2. Nf3 g6 3. c4 Bg7 4. Nc3 d6 5. Bg5 Nbd7 6. g3 0-0 7. Bg2 Re8 8. 0-0 e5 9. d5 Nc5 10. e4 c6 11. Rc1 Qb6 12. Bxf6 Bxf6 13. Qc2 Bd7 14. a3 a5 15. a4 Nb3 16. Rcd1 Bg4 17. Ne2 Rac8 18. Qb1 cxd5 19. cxd5 Rc4 20. Nc3 Nc5 21. Rde1 Nxa4 22. Nxa4 Rxa4 23. Rc1 Qb3 24. h3 Bxf3 25. Rc3 Qa2 26. Rxf3 Qxb1 27. Rxb1 Rc8 28. Rxf6 Rd8 29. f4 exf4 30. Rxf4 Rb4 31. Rf3 Rxe4 32. Rxf7 Kxf7 33. Bxe4 Re8 34. Bf3 Re3 35. Kf2 Rb3 36. Ra1 Rxb2+ 37. Be2 b6 38. Kf3 Rb3+ 39. Kg4 h5+ 40. Kh4 Kf6 41. Rg1 a4 42. Bd1 Rb1 43. Rf1+ Kg7 44. g4 hxg4 45. Kxg4 a3 46. Rf3 a2 47. Bc2 Rb4+ 0-1